| 000 | 01616cam a22004214i 4500 | ||
|---|---|---|---|
| 003 | PE-LiUPU | ||
| 005 | 20250731183422.0 | ||
| 008 | 150625s r 000 0 d | ||
| 020 | _a9788436821307 | ||
| 035 | _a(Sirsi) i9788436821307 | ||
| 040 |
_aPE-LiUPU _bspa _cPE-LiUPU _erda |
||
| 049 | _aPRUA | ||
| 082 | 0 | 4 |
_a796.1 _bG25 _221 |
| 100 | 1 |
_aGaraigordobil Landazabal, Maite, _eautor. |
|
| 245 | 1 | 0 |
_aJuegos cooperativos y creativos para grupos de niños de 4a 6 años / _cMaite Garigordobil Landazabal. |
| 264 | 1 |
_aMadrid : _bPirámide, _c2007. |
|
| 300 | _a01 CD-ROM | ||
| 300 |
_a357 páginas : _bilustraciones ; _c23 centímetros |
||
| 336 |
_atext _2rdacontent |
||
| 337 |
_aunmediated _2rdamedia |
||
| 338 |
_avolume _2rdacarrier |
||
| 490 | 0 | _aOjos solares. Sección programas | |
| 504 | _aIncluye bibliografía. | ||
| 505 | 0 | _aDescripción del programa de intervención. -Metodología e instrumentos de evaluación del programa. | |
| 526 | _aP158 | ||
| 526 | _aP146 | ||
| 526 | _aP17 | ||
| 526 | _aP12 | ||
| 526 | _aP06 | ||
| 541 | _g0030-004752; | ||
| 650 | 0 | 4 | _aJuegos infantiles. |
| 910 |
_bjv _clch _d20090206 |
||
| 942 |
_2ddc _cBOOK |
||
| 949 |
_a796.1 G25 _wDEWEY _c1 _i58940 _lCCODEBUL1 _mBUL _p32.00 _r0 _sY _tBOOK _u2015-6-25 _xEDUCACION _PP33 _0COMPRA _o.STAFF. Colección General |
||
| 994 |
_aC0 _bPEPRU |
||
| 596 | _a1 | ||
| 999 |
_a796.1 G25 _wDEWEY _c47776 _i58940 _f2021-11-9 _g5 _lCCODEBUL1 _mBUL _p32.00 _r0 _sY _tBOOK _u2015-6-25 _xEDUCACION _PP33 _0COMPRA _o.STAFF. Colección General _d47776 |
||
| 980 |
_81 _gALBERTO SANCHEZ Responsable de Automatización |
||